000
00307nam a22001337a 4500
008
180104b xxu||||| |||| 00| 0 eng d
020
_a
2900495797134
041
_a
eng
080
_a
32
100
_a
19
101
_a
POL
245
_a
AMERICAN GOVERNMENT& POLITICS TODAY
_c
SCHMIDT,S.W
942
_2
udc
_c
BK
999
_c
39736
_d
39736